The Psalms of David, imitated in the language of the New Testament and apply'd to the Christian state and worship /

Bibliographic Details
Uniform Title:Bible.
Other Authors: Watts, Isaac, 1674-1748
Format: eBook
Language:English
Published: Philadelphia : Sold by J. Chattin, printer, W. Muir, book-binder in Market Wharf, W. Schippius, book-binder in Strawberry Alley; and by Garret Noel, bookseller, New-York, [1753?]
Series:Early American imprints. Evans (1639-1800) ; no. 6965.
Subjects:
Online Access:Evans Digital Edition

MARC

Tag First Indicator Second Indicator Subfields
LEADER 00000cam a22000001a 4500
001 in00002131925
006 m e d #
007 cr mn mmmmabba
008 850906s1753 pau s 001 0 eng d
005 20260331150750.3
035 |z w004764 
035 |a MAAR8509063506B 
035 |9 mwa91-4444 
035 |a 314690 
035 |a aas03004764 
040 |a MWA  |c MWA  |e bdrb  |d UtOrBLW 
130 0 |a Bible.  |p Psalms.  |l English.  |s Watts.  |f 1753. 
245 1 4 |a The Psalms of David, imitated in the language of the New Testament and apply'd to the Christian state and worship /  |c By I. Watts, D.D. 
264 1 |a Philadelphia :  |b Sold by J. Chattin, printer, W. Muir, book-binder in Market Wharf, W. Schippius, book-binder in Strawberry Alley; and by Garret Noel, bookseller, New-York,  |c [1753?] 
300 |a 4 unnumbered pages, 320 pages, 30 unnumbered pages 
336 |a text  |b txt  |2 rdacontent 
337 |a computer  |b c  |2 rdamedia 
338 |a online resource  |b cr  |2 rdacarrier 
500 |a Date of publication suggested by Evans. 
510 4 |a Evans  |c 6965 
530 |a Microform version available in the Readex Early American Imprints series. 
533 |a Electronic text and image data.  |b [Chester, Vt. :  |c Readex, a division of Newsbank, Inc.,  |d 2002-2004.  |e Includes files in TIFF, GIF and PDF formats with inclusion of keyword searchable text.  |f (Early American imprints. First series ; no. 6965). 
500 |a Electronic resource. 
655 7 |a Psalters  |y 1753.  |2 rbgenr 
700 1 |a Watts, Isaac,  |d 1674-1748. 
752 |a United States  |b Pennsylvania  |d Philadelphia. 
752 |a United States  |b New York  |d New York. 
830 0 |a Early American imprints.  |n Series I,  |p Evans (1639-1800) ;  |v no. 6965. 
856 4 1 |u http://proxy.library.tamu.edu/login?url=https://opac.newsbank.com/select/evans/6965  |y Evans Digital Edition  |t 0 
999 |a MARS 
999 f f |s 4a4ad5ca-d2f5-3894-aaf4-4b8617a8ce77  |i 7eebbea0-4c69-3a29-b414-1c450e932ce1  |t 0 
952 f f |a Texas A&M University  |b College Station  |c Electronic Resources  |s www_evans  |d Available Online  |t 0  |h No information provided 
998 f f |t 0  |l Available Online